PBS Kids Sprout Shows - Statistics

General Stats
  • This quiz has been taken 40 times
  • The average score is 24 of 107
Answer Stats
Answer % Correct
Sesame Street
61%
Barney and Friends
57%
Caillou
54%
Super WHY!
46%
Thomas and Friends
43%
Angelina Ballerina
39%
Play With Me Sesame
39%
The Berenstain Bears
39%
Bob The Builder
36%
Kipper
36%
The Good Night Show
36%
The Sunny Side Up Show
36%
The Wiggles
36%
64 Zoo Lane
32%
Dragon Tales
32%
Fireman Sam
32%
Sagwa, The Chinese Siamese Cat
32%
Zou
32%
Chloe's Closet
29%
Nina's World
29%
Poppy Cat
29%
Sarah and Duck
29%
Sid The Science Kid
29%
The Chica Show
29%
Tree Fu Tom
29%
Zoboomafoo
29%
Astroblast
25%
Boj
25%
Clangers
25%
Franny's Feet
25%
Jay Jay the Jet Plane
25%
Justin Time
25%
LazyTown
25%
Make Way For Noddy
25%
Mama Mirabelle's Home Movies
25%
Olive The Ostrich
25%
Pajanimals
25%
Pingu
25%
The Furchester Hotel
25%
The Sprout Sharing Show
25%
Zerby Derby
25%
Boohbah
21%
Dive Olly Dive!
21%
Dot.
21%
Earth To Luna!
21%
Fifi and the Flowertots
21%
Floogals
21%
Maya The Bee
21%
Noodle and Doodle
21%
Ranger Rob
21%
Ruff-Ruff, Tweet and Dave
21%
School of Roars
21%
Sing It, Laurie
21%
Sprout Diner
21%
Stella and Sam
21%
Super Wings
21%
Terrific Trucks
21%
The Hoobs
21%
The Super Sproutlet Show
21%
YaYa and Zouk
21%
Big Sister, Little Brother
18%
Dirtgirlworld
18%
Doozers
18%
Driver Dan's Story Train
18%
Frances
18%
Jakers! The Adventures of Piggley Winks
18%
Kody Kapow
18%
Musical Mornings With Coo
18%
Noddy: Toyland Detective
18%
Picme
18%
Roary The Racing Car
18%
Space Racers
18%
Sprout's Wiggly Waffle
18%
Sydney Sailboat
18%
The Let's Go Show
18%
The Mighty Jungle
18%
The Ollie and Moon Show
18%
Topsy and Tim
18%
What's Your News?
18%
Angelina Ballerina: The Next Steps
14%
Bob The Builder: Project Build It
14%
Bob The Builder: Ready, Steady, Build!
14%
Bounce
14%
George Shrinks
14%
James The Cat
14%
Masha and the Bear
14%
Monkey See Monkey Do
14%
Panwapa
14%
Ready, Steady, Wiggle!
14%
Seven Little Monsters
14%
Sprout House
14%
The Many Adventures of Mr. Mailman
14%
Brambly Hedge
11%
Dennis and Gnasher
11%
Fly Tales
11%
Kratts Creatures
11%
Percy The Park Keeper
11%
StoryBots
11%
The Adventures of Captain Pugwash
11%
The Three Friends and Jerry
11%
The Wiggles Show!
11%
Wiggle and Learn
11%
Wiggle Wiggle Wiggle!
11%
Archibald The Koala
7%
Captain Zed and the Zee Zone
7%
Doggity's
7%
Sheeep
7%
No matching quizzes found
Score Distribution
Percent of People with Each Score
Percentile by Number Answered
Your Score History
You have not taken this quiz